DC Comics Quiz Stats

 Plays Quiz not verified by Sporcle

Support Sporcle.
Go Orange.
Score 0/15 Timer 05:00
0 Plays Today
% Correct
Batman
100%
Superman
100%
Wonderwoman
85.8%
Green Lantern
82.8%
Aquaman
53.8%
Robin
51.5%
Green Arrow
50.9%
Hawkman
29%
% Correct
Joker
23.1%
Scarecrow
7.1%
Two Face
6.5%
Bane
5.9%
Black Adam
3%
Killer Croc
2.4%
Adam Strange
0.6%

You're not logged in!

Compare scores with friends on all Sporcle quizzes.
OR
Log In

From the Vault

Movie Characters by Lego

by ElectricalBrain

Hey everybody, LEGO play Sporcle!
Remove Ads.
Support Sporcle.
Get the best of Sporcle when you Go Orange. This ad-free experience offers more features, more stats, and more fun while also helping to support Sporcle. Thank you for becoming a member.

Show Comments

Extras

Top Quizzes Today


Score Distribution

Your Account Isn't Verified!

In order to create a playlist on Sporcle, you need to verify the email address you used during registration. Go to your Sporcle Settings to finish the process.

Report this User

Report this user for behavior that violates our Community Guidelines.

Details: